[Event "Fortaleza Gadelha Memorial"]
[Site "Fortaleza"]
[Date "2019.08.15"]
[Round "1"]
[White "Barreto, Paulo Robson Rodrig"]
[Black "Leite Filho, Newton Crispino"]
[Result "0-1"]
[WhiteElo "1556"]
[BlackElo "1907"]
[PlyCount "110"]
[EventDate "2019.08.15"]
[EventType "swiss"]
[EventRounds "7"]
[EventCountry "BRA"]
[SourceTitle "CBM 191 Extra"]
[Source "ChessBase"]
[SourceDate "2019.09.30"]
[SourceVersion "1"]
[SourceVersionDate "2019.09.30"]
[SourceQuality "1"]

1. e4 e5 2. Nf3 Nc6 3. d4 exd4 4. Nxd4 Bb4+ 5. c3 Bc5 6. Bc4 d6 7. Be3 Nge7 8. Nxc6 Nxc6 9. Bxc5 dxc5 10. Qh5 Qe7 11. Nd2 0-0 12. 0-0 Ne5 13. Qe2 Nxc4 14. Nxc4 b6 15. Nd2 Bb7 16. f4 Rfe8 17. Rae1 Rad8 18. e5 f6 19. Nf3 Bxf3 20. Rxf3 fxe5 21. fxe5 Qe6 22. b3 c6 23. c4 Re7 24. Qe3 Rde8 25. Qg5 Qg6 26. Qxg6 hxg6 27. Rfe3 Kf7 28. g4 Ke6 29. Kg2 Rd7 30. h4 Rd2+ 31. R1e2 Rxe2+ 32. Rxe2 Rd8 33. Kf3 Rd4 34. Re4 Rd2 35. Kf4 Rxa2 36. Kg5 Rh2 37. Kxg6 Rxh4 38. Kxg7 Rh3 39. g5 Rxb3 40. g6 Rh3 41. Kg8 b5 42. g7 Rg3 43. Kh7 a5 44. Re3 Rxg7+ 45. Kxg7 a4 46. Ra3 Kxe5 47. Kf7 Kd4 48. Ke6 Kxc4 49. Kd6 Kb4 50. Ra1 c4 51. Rb1+ Kc3 52. Kc5 a3 53. Rh1 a2 54. Rh3+ Kb2 55. Rh2+ Kb3 0-1

[Event "Fortaleza Cearense Cup"]
[Site "Fortaleza"]
[Date "2015.12.13"]
[Round "5"]
[White "Freire, Andrey Carvalho"]
[Black "Leite Filho, Newton Crispino"]
[Result "1/2-1/2"]
[WhiteElo "2052"]
[BlackElo "1844"]
[PlyCount "115"]
[EventDate "2015.12.10"]
[EventType "swiss"]
[EventRounds "6"]
[EventCountry "BRA"]
[SourceTitle "EXT 2017"]
[Source "ChessBase"]
[SourceDate "2016.10.25"]
[SourceVersion "1"]
[SourceVersionDate "2016.10.25"]
[SourceQuality "1"]

1. e4 e5 2. Nf3 Nf6 3. Nxe5 d6 4. Nd3 Nxe4 5. Nc3 Nf6 6. Be2 Be7 7. 0-0 0-0 8. b3 c5 9. Bf3 Nc6 10. Nf4 Nd4 11. Nfd5 Rb8 12. Bb2 Be6 13. Re1 b5 14. Nxe7+ Qxe7 15. Nd5 Nxf3+ 16. Qxf3 Bxd5 17. Rxe7 Bxf3 18. gxf3 a6 19. Bxf6 gxf6 20. Rae1 Rb6 21. Rd7 f5 22. Kg2 Kg7 23. Kg3 Kf6 24. Kf4 Rg8 25. Ree7 Rg7 26. h4 h6 27. c3 a5 28. Re8 c4 29. Rh8 Ke6 30. Ra7 cxb3 31. axb3 d5 32. Rxh6+ Rg6 33. Rxg6+ fxg6 34. Rxa5 b4 35. Rc5 bxc3 36. Rxc3 d4 37. Rc4 Kd5 38. Ra4 Rxb3 39. Ra6 Rb2 40. d3 Rb3 41. Rxg6 Rxd3 42. h5 Rd1 43. Rg8 Rh1 44. Rd8+ Ke6 45. Kg5 Rg1+ 46. Kh6 Ke5 47. Kh7 Rg2 48. f4+ Ke4 49. f3+ Ke3 50. h6 d3 51. Rg8 Rh2 52. Rd8 d2 53. Kg6 Kxf4 54. h7 Ke3 55. f4 Ke2 56. Re8+ Kf2 57. Rd8 Ke1 58. Re8+ 1/2-1/2